| 000 | 00880nam a22002897a 4500 | ||
|---|---|---|---|
| 003 | CHAP | ||
| 005 | 20220329135846.0 | ||
| 008 | 971013s r 00010 d | ||
| 010 | _a43410 | ||
| 011 | _a44382 | ||
| 035 | _a48520 | ||
| 040 | _cCHAP | ||
| 090 | _aFolleto 867 | ||
| 110 |
_aMéxico. Secretaría del Patrimonio Nacional _977231 |
||
| 245 | _aInforme anual de labores, 19 - | ||
| 260 |
_aMéxico, D.F. : _bLa Secretaría, _c19 - |
||
| 300 | _av | ||
| 500 | _aLa biblioteca tiene: 1968-1969; 1969-70 | ||
| 590 |
_aBATCH-UPD _b10 _c20130110 _lUCH01 _h1407 |
||
| 590 |
_aBATCH-UPD _b10 _c20130410 _lUCH01 _h0856 |
||
| 590 |
_aBATCH-UPD _b10 _c20130914 _lUCH01 _h1956 |
||
| 590 |
_aCONVERSION _b10 _c20130109 _lUCH01 _h1324 |
||
| 650 | 1 | 4 |
_aRecursos naturales _xMéxico. _995299 |
| 901 | _aBK | ||
| 942 | _cFOLL | ||
| 949 |
_aFolleto 867 _bBC _cFOLL _d-109831 _eTS1 _i48520 _si |
||
| 999 |
_c43410 _d43410 |
||